Alle Mannschaften des DFB-Pokal 25/26 - Statistiken

Allgemein
  • Dieses Quiz wurde 90 mal gespielt
  • Das Durchschnittsergebnis liegt bei 45 aus 64
Antwortstatistiken
Mannschaft Liga % Korrekt
Borussia Dortmund Bundesliga
97%
Hamburger SV Bundesliga
96%
FC Bayern München Bundesliga
94%
SC Freiburg Bundesliga
93%
Eintracht Frankfurt Bundesliga
91%
RB Leipzig Bundesliga
91%
SV Werder Bremen Bundesliga
91%
VfB Stuttgart Bundesliga
91%
VfL Wolfsburg Bundesliga
91%
1. FC Kaiserslautern 2. Bundesliga
90%
1. FC Nürnberg 2 Bundesliga
90%
1. FC Union Berlin Bundesliga
90%
1. FSV Mainz 05 Bundesliga
90%
Dynamo Dresden 2. Bundesliga
90%
FC Augsburg Bundesliga
90%
Hertha BSC 2. Bundesliga
90%
Arminia Bielefeld 2. Bundesliga
87%
Bayer 04 Leverkusen Bundesliga
87%
FC Schalke 04 2. Bundesliga
87%
TSG 1899 Hoffenheim Bundesliga
87%
FC St. Pauli Bundesliga
86%
VfL Bochum 2. Bundesliga
84%
Hannover 96 2. Bundesliga
83%
SpVgg Greuther Fürth 2. Bundesliga
83%
SV Holstein Kiel 2. Bundesliga
83%
1. FC Heidenheim Bundesliga
81%
1. FC Saarbrücken 3. Liga
81%
Borussia Mönchengladbach Bundesliga
81%
Karlsruher SC 2. Bundesliga
81%
Eintracht Braunschweig 2. Bundesliga
80%
FC Energie Cottbus 3. Liga
80%
Fortuna Düsseldorf 2. Bundesliga
80%
1. FC Magdeburg 2. Bundesliga
78%
Rot-Weiss Essen 3. Liga
78%
SV Elversberg 2. Bundesliga
77%
FC Hansa Rostock 3. Liga
75%
SSV Ulm 1846 Fußball 3. Liga
75%
SV Darmstadt 98 2. Bundesliga
75%
1. FC Köln 2. Bundesliga
74%
Preußen Münster 2. Bundesliga
71%
SC Paderborn 07 2. Bundesliga
71%
SSV Jahn Regensburg 3. Liga
71%
SV Wehen Wiesbaden 3. Liga
67%
FC Viktoria Köln 3. Liga
61%
1. FC Lok Leipzig Regionalliga Nordost
59%
VfB Lübeck Regionalliga Nord
59%
Hallescher FC Regionalliga Nordost
52%
FV Illertissen Regionalliga Bayern
51%
FK Pirmasens Oberliga Rheinland-Pfalz/Saar
49%
SV Sandhausen Regionalliga Südwest
49%
1. FC Schweinfurt 3. Liga
48%
Atlas Delmenhorst Oberliga Niedersachsen
48%
FC 08 Homburg Regionalliga Südwest
46%
Eintracht Norderstedt Regionalliga Nord
43%
BFC Dynamo Regionalliga Nordost
42%
FC Gütersloh Regionalliga West
38%
SG Sonnenhof Großaspach Regionalliga Südwest
36%
Sportfreunde Lotte Regionalliga West
35%
ZFC Meuselwitz Regionalliga Nordost
35%
Bahlinger SC Regionalliga Südwest
33%
FV Engers 07 Oberliga Rheinland-Pfalz/Saar
30%
RSV Eintracht 1949 Oberliga NOFV-Süd
30%
SV Hemelingen Bremen-Liga
29%
Blau-Weiß Lohne Regionalliga Nord
28%
Keine übereinstimmenden Quizze gefunden
Verteilung der Resultate
Anzahl Personen mit jedem Resultat
Perzentil nach korrekt beantworteten Fragen
Ihre Resultats-Entwicklung
Sie haben dieses Quiz noch nicht gespielt